ბათუმის შოთა რუსთაველის სახელმწიფო უნივერსიტეტის ბიბლიოთეკა

ეპიტაფია : (ბიბ.ჩანაწერი № 63328)

000 -ლიდერი
ფიქსირებული სიგრძის საკონტროლო ველი 01202nam a22002417a 4500
003 - საკონტროლო ნომრის იდენტიფიკატორი
საკონტროლო ველი Ge_BSU
005 - ბოლო ოპერაციის თარიღი და დრო
საკონტროლო ველი 20250916150148.0
008 - ფიქსირებული სიგრძის მონაცემთა ელემენტები - ზოგადი ინფორმაცია
ფიქსირებული სიგრძის საკონტროლო ველი 250916s2023 ge ||||| |||| 00| 0 geo d
020 ## - წიგნის საერთაშორისო სტანდარტული ნომერი
International Standard Book Number 9789941336287
041 ## - ენის კოდი
Language code of text/sound track or separate title geo
080 ## - უნივერსალური ათობითი კლასიფიკაციის ინდექსი
Universal Decimal Classification number 821.581.03=353.1 ი-22
100 ## - მთავარი ჩანაწერი - პიროვნების სახელი
Personal name იან, ძი
9 (RLIN) 25823
245 ## - ცნობა სათაურის შესახებ
Title ეპიტაფია :
Remainder of title ლექსები /
Statement of responsibility, etc იან ძი; [ლიტერატურული თარგმანი: ნანა შარაშიძე, სანდრო შულაია და ქსენია სიორდია].
264 ## - წარმოების, გამოცემის, დისტრიბუციის და სხვა ცნობები
გამოცემის, წარმოების, დისტრიბუციის... ადგილი თბილისი :
გამოცემის, წარმოების, დისტრიბუციის... სახელწოდება უნივერსალი,
გამოცემის, წარმოების, დისტრიბუციის... თარიღი 2023.
300 ## - ფიზიკური აღწერა
Extent 132 გვ. ;
Other physical details 20 სმ.
653 ## - INDEX TERM--UNCONTROLLED
Uncontrolled term ჩინური პოეზია
653 ## - INDEX TERM--UNCONTROLLED
Uncontrolled term თარგმანები ქართულ ენაზე
700 ## - ADDED ENTRY--PERSONAL NAME
Personal name შარაშიძე, ნანა
Relator term მთარგმნელი
9 (RLIN) 24916
700 ## - ADDED ENTRY--PERSONAL NAME
Personal name შულაია, სანდრო
Relator term მთარგმნელი
9 (RLIN) 25824
700 ## - ADDED ENTRY--PERSONAL NAME
Personal name სიორდია, ქსენია
Relator term მთარგმნელი
9 (RLIN) 18128
700 ## - ADDED ENTRY--PERSONAL NAME
Personal name Yan Zhi
Relator term ავტორი
9 (RLIN) 25825
942 ## - ADDED ENTRY ELEMENTS (KOHA)
Source of classification or shelving scheme
Koha item type წიგნი
ეგზემპლარები
ჩამოწერის სტატუსი დაკარგული ეგზემპლარის სტატუსი კლასიფიკაციის წყარო ან თაროზე გაწყობის სქემა დაზიანების სტატუსი არ გაიცემა მუდმივი მდებარეობა (დაცვის ადგილი) ამჟამინდელი ადგილსამყოფელი თაროზე განთავსების ადგილი შეძენის თარიღი ღირებულება, შესყიდვის ნორმალური ფასი სრული შენახვის შიფრი შტრიხკოდი ბოლო ოპერაციის თარიღი ეგზემპლარის მიმდევრობითი ნომერი (კეტერი?) Uniform Resource Identifier ფასის ძალაში შესვლის თარიღი ეგზემპლარის სახეობა საჯარო შენიშვნა
          ბათუმის შოთა რუსთაველის სახელმწიფო უნივერსიტეტის მთავარი ბიბლიოთეკა ბათუმის შოთა რუსთაველის სახელმწიფო უნივერსიტეტის მთავარი ბიბლიოთეკა წიგნსაცავი 2025-09-16 6.00 821.581.03=353.1 ი-22 72341 2025-09-16 72341 ნაჩუქარი 2025-09-16 წიგნი 6 ლ.